[Event "It (cat.5)"]
[Site "masterchessopen.com Griesheim (Germany)"]
[Round "4"]
[White "Trichkov Vasil (CZE)"]
[Black "Wornath Kai Rudolf (GER)"]
[Result "1-0"]
[WhiteElo "2337"]
[BlackElo "2388"]

1.d4 d5 2.c4 c6 3.Nf3 e6 4.Nbd2 Nf6 5.g3 Nbd7 6.Bg2 Be7 7.O-O O-O 8.Qc2 b6
9.e4 dxc4 10.Nxc4 Ba6 11.Rd1 Rc8 12.Nce5 Qc7 13.Bf4 Qb7 14.Rac1 Nb8 15.Bh3
Rcd8 16.Nxf7 Kxf7 17.Ng5+ Ke8 18.Nxe6 Rf7 19.Nxd8 Bxd8 20.Bxb8 Qxb8 21.e5 Ng8
22.Qxc6+ Kf8 23.Qe4 Bb7 24.d5 Re7 25.Qf4+ Rf7 26.Qb4+ Ne7 27.d6 Nc6 28.Qe4
{#r} 1-0

[Event "It (open)"]
[Site "masterchessopen.com Groningen (Netherlands)"]
[Round "4"]
[White "Koster Ramon (NED)"]
[Black "Veltman Jelmer (NED)"]
[Result "1-0"]
[WhiteElo "2314"]
[BlackElo "2122"]

1.d4 d5 2.c4 c6 3.Nf3 Nf6 4.Qc2 e6 5.g3 Nbd7 6.Bg2 Be7 7.O-O O-O 8.Nbd2 b6
9.Rd1 Bb7 10.b3 Rc8 11.e4 Qc7 12.e5 Ne8 13.h4 Qb8 14.h5 c5 15.Qd3 Qa8 16.h6 g6
17.Ba3 Nc7 18.Nf1 Rfd8 19.N1h2 b5 20.dxc5 dxc4 21.bxc4 bxc4 22.Qxc4 Na6 23.Qf4
Naxc5 24.Ng4 Be4 25.Rxd7 Rxd7 26.Nf6+ Bxf6 27.Qxf6 Kf8 28.Rc1 Rdc7 29.Rxc5
Rxc5 30.Ng5 {#r} 1-0

[Event "Ch Greece (team)"]
[Site "masterchessopen.com Kallithea (Greece)"]
[Round "3"]
[White "Karapanos Nikolaos (GRE)"]
[Black "Efthimiatos Georgios (GRE)"]
[Result "1-0"]
[WhiteElo "2238"]
[BlackElo "2192"]

1.Nf3 d5 2.d4 c6 3.c4 e6 4.g3 Nd7 5.Bg2 Ngf6 6.O-O Be7 7.Qc2 O-O 8.Nbd2 b6
9.Rd1 Bb7 10.e4 Rc8 11.e5 Ne8 12.h4 c5 13.dxc5 Nxc5 14.b4 Nd7 15.Rb1 Qc7
16.Re1 g6 17.Qc3 Ng7 18.Nd4 dxc4 19.Ne4 Bxe4 20.Rxe4 Rfd8 21.Nb5 Qb8 22.Bf4 a6
23.Nd6 Bxd6 24.exd6 b5 25.Bh3 Nf8 26.Bh6 f6 27.Qxf6 Qb7 28.Rd1 Rd7 29.Bxg7
Rxg7 30.Bxe6+ Nxe6 31.Qxe6+ Kh8 32.d7 Rd8 33.Qe8+ Rg8 34.Qxd8 {#r} 1-0

[Event "It (open)"]
[Site "masterchessopen.com Karvina (Czech Republic)"]
[Round "1"]
[White "Likavsky Tomas (SVK)"]
[Black "Stampovsky Libor (CZE)"]
[Result "1-0"]
[WhiteElo "2449"]
[BlackElo "1994"]

1.d4 d5 2.Nf3 e6 3.c4 Nf6 4.g3 c6 5.Nbd2 Nbd7 6.Bg2 Be7 7.O-O O-O 8.Qc2 b5
9.c5 Qc7 10.e4 dxe4 11.Nxe4 Nxe4 12.Qxe4 Nf6 13.Qc2 Nd5 14.Re1 Bf6 15.Bg5 Bb7
16.h4 h6 17.Bxf6 Nxf6 18.Rad1 Rad8 19.a3 a5 20.Ne5 Rfe8 21.Bf3 Nd7 22.Qe4 Nxe5
23.dxe5 Rd5 24.Qe3 Rxd1 25.Rxd1 Rd8 26.Rd6 Rc8 27.Qd2 a4 28.Be4 Rf8 29.h5 f5
30.exf6 Rxf6 31.Rd7 Qe5 32.Rd8+ Rf8 33.Rxf8+ Kxf8 34.Qd8+ {#r} 1-0

[Event "It (open)"]
[Site "masterchessopen.com Las Palmas (Spain)"]
[Round "4"]
[White "Vioreanu Bogdan-Gabriel (ROM)"]
[Black "Vega Gutierrez Sabrina (ESP)"]
[Result "1-0"]
[WhiteElo "2453"]
[BlackElo "2225"]

1.d4 d5 2.c4 c6 3.Nf3 e6 4.Qc2 Nf6 5.Nbd2 Nbd7 6.g3 Be7 7.Bg2 O-O 8.O-O b6
9.e4 Ba6 10.b3 c5 11.Rd1 cxd4 12.exd5 e5 13.Ng5 Rc8 14.Qf5 g6 15.Qh3 h5 16.f4
Kg7 17.Bf3 b5 18.f5 Ng4 19.Nde4 Ndf6 20.fxg6 Nxe4 21.Nxe4 fxg6 22.Bxg4 hxg4
23.Qh6+ Kf7 24.Rf1+ Ke8 25.Rxf8+ Bxf8 26.Qxg6+ {#r} 1-0

[Event "Cup Russia (open)"]
[Site "masterchessopen.com Tomsk (Russia)"]
[Round "3"]
[White "Beletsky Alexey (RUS)"]
[Black "Pushilin Artem (RUS)"]
[Result "1-0"]
[WhiteElo "2366"]
[BlackElo "2167"]

1.d4 Nf6 2.c4 e6 3.g3 d5 4.Bg2 c6 5.Nf3 Be7 6.Qc2 O-O 7.Nbd2 Nbd7 8.O-O b5
9.c5 Nh5 10.e4 f5 11.exd5 exd5 12.Nb3 Ndf6 13.Ne5 Qc7 14.Bd2 Ne4 15.Ba5 Qb7
16.Qe2 g6 17.Be1 Bd7 18.f3 Ng5 19.Nxg6 hxg6 20.Qxe7 Rf6 21.Qe2 Re8 22.Qd2 f4
23.g4 Rfe6 24.Bh4 Re2 25.Qd3 Bf5 26.gxf5 R8e3 27.Qd1 Ng3 28.Bxg5 Qh7 29.Bxf4
{#r} 1-0

[Event "Landesliga North 2002/03"]
[Site "masterchessopen.com Germany"]
[Date "2003.01.26"]
[Round "5"]
[White "Jirovsky Pavel (CZE)"]
[Black "Kreuzer Helmut (GER)"]
[Result "1-0"]
[WhiteElo "2378"]
[BlackElo "2050"]

1.d4 Nf6 2.Nf3 d5 3.c4 e6 4.g3 Be7 5.Bg2 O-O 6.O-O c6 7.Qc2 Nbd7 8.Nbd2 Bd6
9.e4 Nxe4 10.Nxe4 dxe4 11.Qxe4 Nf6 12.Qc2 c5 13.dxc5 Bxc5 14.b3 Qe7 15.Bb2 Ba3
16.Bxa3 Qxa3 17.Rad1 Qe7 18.Ne5 Qc7 19.f4 a5 20.Qd2 Ra6 21.Rf2 Ne8 22.Qd8 Qxd8
23.Rxd8 Nd6 24.Rxf8+ Kxf8 25.c5 Ne8 26.Rd2 Ke7 27.Bxb7 {#r} 1-0

[Event "It \"]
[Site "masterchessopen.com Bunratty (Ireland)"]
[Date "2003.02.22"]
[Round "3"]
[White "Costello Colin (ENG)"]
[Black "De Kruif Kees (NED)"]
[Result "1-0"]
[WhiteElo "2053"]
[BlackElo "2056"]

1.c4 Nf6 2.g3 e6 3.Bg2 d5 4.Nf3 Be7 5.O-O O-O 6.d4 c6 7.Nbd2 Nbd7 8.Qc2 b6
9.e4 dxe4 10.Nxe4 Bb7 11.Rd1 Nxe4 12.Qxe4 Nf6 13.Qe2 Qc7 14.b3 Rad8 15.Bb2 c5
16.dxc5 Qxc5 17.Qe5 Qxe5 18.Nxe5 Bxg2 19.Kxg2 Bc5 20.Nc6 Rxd1 21.Rxd1 Ng4
22.Rd7 Nxf2 23.b4 {#r} 1-0

[Event "Bundesliga (2nd) East 2002/03"]
[Site "masterchessopen.com Germany"]
[Date "2003.02.23"]
[Round "7"]
[White "Troyke Christian (GER)"]
[Black "Lerch Patrice (FRA)"]
[Result "0-1"]
[WhiteElo "2334"]
[BlackElo "2329"]

1.g3 Nf6 2.Bg2 e6 3.Nf3 Be7 4.O-O O-O 5.d4 d5 6.c4 c6 7.Qc2 Nbd7 8.Nbd2 b6
9.e4 Ba6 10.b3 Rc8 11.Rd1 c5 12.exd5 exd5 13.Qf5 Re8 14.Bb2 cxd4 15.Nxd4 Nc5
16.Rac1 Rc7 17.Qb1 Bb7 18.Nf5 Rd7 19.Nxe7+ Qxe7 20.Re1 Ne6 21.Qf5 Red8 22.Nf3
dxc4 23.Ne5 Rd2 24.Nxc4 Rxb2 25.Nxb2 g6 26.Qh3 Rd2 27.Nc4 Rxa2 28.Bxb7 Qxb7
29.Nd6 Qf3 30.Qg2 Nd4 31.Ne8 Ng4 32.Rc8 Ne2+ {#R} 0-1

[Event "Oberliga Northwest 2002/03"]
[Site "masterchessopen.com Germany"]
[Date "2003.02.23"]
[Round "7"]
[White "Gottschlich Carsten (GER)"]
[Black "Brodhuhn Reinhard (GER)"]
[Result "1-0"]
[WhiteElo "2382"]
[BlackElo "2211"]

1.d4 d5 2.c4 e6 3.Nf3 c6 4.Qc2 Nd7 5.g3 Ngf6 6.Bg2 Be7 7.O-O O-O 8.Nbd2 b6
9.e4 dxe4 10.Nxe4 Bb7 11.Rd1 Re8 12.Ne5 Qc7 13.Bf4 Nh5 14.Bg5 f6 15.Nxd7 Qxd7
16.Be3 f5 17.Ng5 Nf6 18.Nf3 Rad8 19.Bf4 Qc8 20.c5 Nd5 21.Be5 bxc5 22.dxc5 Ba6
23.a3 Qb7 24.b4 Bf6 25.Rab1 Bxe5 26.Nxe5 Qc7 27.Re1 Rb8 28.Bxd5 cxd5 29.a4 Bc8
30.b5 a6 31.b6 {#r} 1-0

[Event "Bayern Oberliga 2003/04"]
[Site "masterchessopen.com Bayern (Germany)"]
[Date "2003.11.23"]
[Round "3"]
[White "Jauernig Udo (GER)"]
[Black "Lutz Dieter (GER)"]
[Result "1-0"]
[WhiteElo "2248"]
[BlackElo "2187"]

1.d4 Nf6 2.c4 e6 3.g3 d5 4.Nf3 Be7 5.Bg2 O-O 6.O-O Nbd7 7.Qc2 c6 8.Nbd2 b6
9.e4 dxe4 10.Nxe4 Nxe4 11.Qxe4 Bb7 12.b3 Qc7 13.Bf4 Bd6 14.Ne5 f5 15.Qe2 Nxe5
16.Bxe5 Bxe5 17.Qxe5 Qxe5 18.dxe5 Rfd8 19.Rfd1 Kf7 20.b4 Ke7 21.c5 Rxd1+
22.Rxd1 a5 23.b5 bxc5 24.bxc6 Bc8 25.Bf1 a4 26.Rb1 Ra5 27.Rb7+ Kd8 28.Rxg7 c4
29.Bxc4 Rc5 30.Bd3 Rxc6 31.Rxh7 Bd7 32.Rxd7+ {#r} 1-0

[Event "It (open)"]
[Site "masterchessopen.com Belgrade (Yugoslavia)"]
[Date "2004.01.22"]
[Round "2"]
[White "Pavlovic Dragoljub (SRB)"]
[Black "Masovic Bogosav (SRB)"]
[Result "1-0"]
[WhiteElo "2252"]
[BlackElo "1865"]

1.d4 d5 2.c4 e6 3.Nf3 Nf6 4.g3 Be7 5.Bg2 c6 6.O-O O-O 7.Nbd2 Nbd7 8.Qc2 Bd6
9.e4 dxe4 10.Nxe4 Nxe4 11.Qxe4 Nf6 12.Qc2 h6 13.b3 Bd7 14.Bb2 Rc8 15.Rad1 Re8
16.Rfe1 Qa5 17.Ne5 Rcd8 18.a3 Bc8 19.b4 Qc7 20.f4 Nh7 21.h4 Bxe5 22.dxe5 Rxd1
23.Rxd1 Rd8 24.c5 Rxd1+ 25.Qxd1 g6 26.Qd6 Qxd6 27.cxd6 Nf8 28.Bd4 a6 29.Kf2 h5
30.g4 hxg4 31.Kg3 {#r} 1-0

[Event "It (open)"]
[Site "masterchessopen.com Marianske Lazne (Czech Republic)"]
[Date "2004.01.24"]
[Round "1"]
[White "Volodin Viktor (RUS)"]
[Black "Pokora Lubomir (CZE)"]
[Result "1-0"]
[WhiteElo "2212"]
[BlackElo "1997"]

1.Nf3 Nf6 2.c4 e6 3.g3 d5 4.d4 Nbd7 5.Bg2 c6 6.Qc2 Be7 7.O-O O-O 8.Nbd2 Re8
9.e4 dxe4 10.Nxe4 Nxe4 11.Qxe4 Bf6 12.Rd1 Qe7 13.Bf4 e5 14.dxe5 Nxe5 15.Bxe5
Bxe5 16.Qxe5 {#r} 1-0

[Event "It (active)"]
[Site "masterchessopen.com Internet"]
[Date "2004.03.11"]
[Round "0"]
[White "Avrukh Boris (ISR)"]
[Black "Trajkovic Predrag (SRB)"]
[Result "1-0"]
[WhiteElo "2614"]
[BlackElo "2432"]

1.d4 Nf6 2.c4 e6 3.g3 d5 4.Nf3 Be7 5.Bg2 O-O 6.O-O c6 7.Qc2 Nbd7 8.Nbd2 b6
9.e4 Bb7 10.e5 Ne8 11.cxd5 cxd5 12.Re1 Ba6 13.Bf1 Bxf1 14.Nxf1 Qc7 15.Qa4 a6
16.h4 b5 17.Qd1 Rc8 18.Re2 Nb8 19.Bf4 Qd7 20.N1h2 a5 21.Ng4 f5 22.exf6 Nxf6
23.Nge5 Qb7 24.Ng5 Qb6 25.Qd3 Nc6 26.Nd7 Qxd4 27.Nxf6+ {#r} 1-0

[Event "Bayern Landesliga South 2003/04"]
[Site "masterchessopen.com Bayern (Germany)"]
[Date "2004.03.28"]
[Round "8"]
[White "Stoer Andreas (GER)"]
[Black "Boehm Uwe (GER)"]
[Result "1-0"]
[WhiteElo "2206"]
[BlackElo "2245"]

1.c4 c6 2.Nf3 d5 3.d4 e6 4.g3 Nf6 5.Bg2 Be7 6.O-O O-O 7.Nbd2 Nbd7 8.Qc2 b6
9.e4 dxe4 10.Nxe4 Bb7 11.Nxf6+ Bxf6 12.Bf4 h6 13.Rad1 Qc8 14.Rfe1 Re8 15.Nd2
e5 16.dxe5 Bxe5 17.Bxe5 Rxe5 18.Rxe5 Nxe5 19.Ne4 Qc7 20.Nd6 Ng6 21.Nxb7 Qxb7
22.Qe4 Rc8 23.Bh3 Rf8 24.Bf5 Nh8 {#r} 1-0

[Event "Ch Russia (juniors) (under 12) (g)"]
[Site "masterchessopen.com Dagomys (Russia)"]
[Round "3"]
[White "Monina Polina (RUS)"]
[Black "Lysenko Maria (RUS)"]
[Result "0-1"]
[WhiteElo "2004"]
[BlackElo "2019"]

1.d4 d5 2.Nf3 Nf6 3.c4 e6 4.g3 Nbd7 5.Bg2 Be7 6.O-O O-O 7.Qc2 c6 8.Nbd2 b6
9.e4 dxc4 10.Nxc4 c5 11.Rd1 Bb7 12.Nfe5 Qe8 13.Nxd7 Nxd7 14.Be3 Rc8 15.Qe2 Ba6
16.Rac1 cxd4 17.Bxd4 Rc7 18.Rc2 Qc8 19.Rdc1 Rd8 20.b3 Ba3 21.Qg4 Bf8 22.Ne3
Rxc2 23.Rxc2 Qb8 24.f4 Rc8 25.Qd1 Nc5 {#R} 0-1

[Event "Ch Russia (juniors) (under 14)"]
[Site "masterchessopen.com Dagomys (Russia)"]
[Round "1"]
[White "Serov Maksim (RUS)"]
[Black "Ivanov Aleksandr A (RUS)"]
[Result "1-0"]
[WhiteElo "2171"]
[BlackElo "2107"]

1.d4 Nf6 2.c4 e6 3.Nf3 d5 4.g3 Nbd7 5.Bg2 Be7 6.O-O O-O 7.Qc2 c6 8.Nbd2 Re8
9.Rd1 Nf8 10.b3 Bd7 11.Bb2 Ng6 12.e4 dxe4 13.Nxe4 Nxe4 14.Qxe4 Bf6 15.h4 Qc7
16.h5 Ne7 17.Ne5 Nf5 18.Rd3 g6 19.g4 Nh6 20.Rad1 Bg7 21.hxg6 hxg6 22.Bc1 f5
23.gxf5 exf5 24.Qh4 Ng4 25.Nxg6 Re6 26.Ne7+ Rxe7 27.Qxe7 {#r} 1-0

[Event "It (open)"]
[Site "masterchessopen.com Dubai (United Arab Emirates)"]
[Date "2004.04.22"]
[Round "4"]
[White "Izoria Zviad (GEO)"]
[Black "Nadera Barlo A (PHI)"]
[Result "0-1"]
[WhiteElo "2600"]
[BlackElo "2424"]

1.d4 d5 2.c4 e6 3.Nf3 c6 4.g3 Nf6 5.Bg2 Be7 6.O-O O-O 7.Qc2 Nbd7 8.Nbd2 b6
9.e4 Bb7 10.e5 Ne8 11.cxd5 cxd5 12.Re1 Rc8 13.Qa4 Bc6 14.Qb3 b5 15.Bf1 Qb6
16.Bd3 b4 17.Nf1 h6 18.Bf4 Bb5 19.Bb1 f5 20.exf6 Nexf6 21.N1d2 a5 22.h4 Ng4
23.Be3 Bd6 24.Bd3 a4 25.Bxb5 Qxb5 26.Qd1 Rf6 27.Rc1 Rcf8 28.Qe2 Qb8 {#R} 0-1

[Event "It (open)"]
[Site "masterchessopen.com Ditzingen (Germany)"]
[Date "2004.05.20"]
[Round "3"]
[White "Ziegler Michael (GER)"]
[Black "Kracke Moritz (GER)"]
[Result "0-1"]
[WhiteElo "2145"]
[BlackElo "1955"]

1.d4 d5 2.Nf3 Nf6 3.c4 e6 4.g3 Be7 5.Bg2 O-O 6.O-O Nbd7 7.Qc2 c6 8.Nbd2 b6
9.b3 Bb7 10.Bb2 Rc8 11.Rad1 Qc7 12.Rfe1 dxc4 13.Nxc4 c5 14.Qb1 Rfd8 15.e4 cxd4
16.e5 Nd5 17.Nxd4 a6 18.Rc1 Qb8 19.a3 Nc7 20.Bh3 Ba8 21.Bg2 Bxg2 22.Kxg2 Nd5
23.Qe4 Nc5 24.Qf3 b5 25.Na5 Qb6 26.Nac6 Rxc6 27.Nxc6 Qxc6 28.b4 Nxb4 29.Qxc6
Nxc6 30.Re3 Na5 31.Rf3 Nd3 32.Rc7 Ne1+ {#R} 0-1

[Event "It (open)"]
[Site "masterchessopen.com Brno (Czech Republic)"]
[Date "2004.07.11"]
[Round "9"]
[White "Snorek Milan (CZE)"]
[Black "Slovak Pavel (CZE)"]
[Result "0-1"]
[WhiteElo "2183"]
[BlackElo "2117"]

1.d4 d5 2.Nf3 Nf6 3.c4 e6 4.g3 Nbd7 5.Bg2 c6 6.Nbd2 Be7 7.O-O O-O 8.Qc2 c5
9.Rd1 cxd4 10.Nxd4 e5 11.Nf5 d4 12.Nxe7+ Qxe7 13.Nf1 Nc5 14.b4 Ne6 15.a4 Rd8
16.Ba3 d3 17.Rxd3 Nd4 18.Qb2 Bf5 19.Rd2 Ne4 20.Bxe4 Bxe4 21.Rad1 Qf6 22.Ne3
Nxe2+ 23.Kf1 Nd4 24.b5 Qf3 25.Rxd4 {#R} 0-1

[Event "It (open)"]
[Site "masterchessopen.com Teteven (Bulgaria)"]
[Date "2004.08.27"]
[Round "3"]
[White "Tashkov Rumen (BUL)"]
[Black "Tsakov Petar (BUL)"]
[Result "1-0"]
[WhiteElo "2253"]
[BlackElo "1985"]

1.d4 Nf6 2.c4 e6 3.g3 d5 4.Nf3 Be7 5.Bg2 O-O 6.O-O Nbd7 7.Qc2 c6 8.Nbd2 Re8
9.e4 dxe4 10.Nxe4 Nxe4 11.Qxe4 Nf6 12.Qe2 Bd6 13.Rd1 Qe7 14.Ne5 Nd7 15.a3 a5
16.Bf4 Nxe5 17.dxe5 Bc5 18.h4 a4 19.Rd3 Qc7 20.Rad1 h6 21.Be4 Be7 22.Qg4 Kh8
23.Qh5 Bf8 24.Rd7 g6 25.Qxg6 fxg6 26.Rxc7 Bg7 27.Bxg6 Rf8 28.h5 Ra5 29.Re7
{#r} 1-0

[Event "It (open)"]
[Site "masterchessopen.com Graz (Austria)"]
[Date "2004.09.07"]
[Round "4"]
[White "Schriebl Alexander (AUT)"]
[Black "Kubinger Thomas (AUT)"]
[Result "1-0"]
[WhiteElo "2088"]
[BlackElo "2170"]

1.d4 Nf6 2.c4 e6 3.g3 d5 4.Bg2 c6 5.Nf3 Be7 6.O-O O-O 7.Qc2 Nbd7 8.Nbd2 b6
9.e4 dxe4 10.Nxe4 Bb7 11.Rd1 Qc8 12.Bf4 Nxe4 13.Qxe4 c5 14.d5 Re8 15.Qc2 exd5
16.cxd5 h6 17.Nd2 Nf6 18.Nc4 Rd8 19.Ne3 Bf8 20.Rd2 g6 21.Rad1 b5 22.b3 Kh7
23.Be5 Ng4 24.Bh3 f5 25.Nxg4 fxg4 26.Bg2 Qf5 27.Bc7 Rd7 28.Qxf5 gxf5 29.d6
Bxg2 30.Kxg2 Bg7 31.Rd5 {#r} 1-0

[Event "Tournament \"]
[Site "masterchessopen.com Belo Horizonte (Brazil)"]
[Date "2004.10.11"]
[Round "5"]
[White "Martinez Carlos Alejandro (BRA)"]
[Black "Da Silva Carlos Alessandro A (BRA)"]
[Result "1-0"]
[WhiteElo "2393"]
[BlackElo "2236"]

1.Nf3 Nf6 2.d4 e6 3.g3 d5 4.Bg2 Be7 5.O-O O-O 6.c4 Nbd7 7.Qc2 c6 8.Nbd2 b6
9.e4 Bb7 10.b3 Rc8 11.Bb2 Qc7 12.Rfe1 Qb8 13.Rac1 Rfd8 14.h4 h6 15.Bh3 dxe4
16.Nxe4 c5 17.d5 exd5 18.Nxf6+ Bxf6 19.Bxd7 Rxd7 20.Bxf6 gxf6 21.Qf5 Qd6
22.Nh2 Rcd8 23.Ng4 Kg7 24.cxd5 Bxd5 25.Rcd1 Qc6 26.Qf4 Rh8 27.Nxf6 Rd6 28.Nh5+
Kf8 29.Qe5 {#r} 1-0

[Event "Bundesliga (2nd) 2004/05 (w)"]
[Site "masterchessopen.com Germany"]
[Date "2004.11.06"]
[Round "1"]
[White "Donchenko Irina (GER)"]
[Black "Scheynin Julia (GER)"]
[Result "1-0"]
[WhiteElo "2055"]
[BlackElo "2044"]

1.d4 Nf6 2.Nf3 e6 3.c4 d5 4.g3 c6 5.Bg2 Be7 6.O-O O-O 7.Qc2 Nbd7 8.Nbd2 b6
9.e4 Bb7 10.e5 Ne8 11.cxd5 cxd5 12.Re1 b5 13.Qd3 Qb6 14.Nf1 b4 15.Bg5 f6
16.exf6 Bxf6 17.Bh3 Nc7 18.Bf4 a5 19.Bxc7 Qxc7 20.Rac1 Qd8 21.Bxe6+ Kh8 22.Qb5
Nb6 23.Ne3 g6 24.Ng4 Be7 25.Nfe5 Kg7 26.Nd7 Nxd7 27.Qxb7 Nb6 28.Rc7 Re8
29.Qxb6 {#r} 1-0

[Event "Ch City (qual)"]
[Site "masterchessopen.com Rio de Janeiro (Brazil)"]
[Date "2005.01.22"]
[Round "1"]
[White "Rios Filho Hilton Carlos (BRA)"]
[Black "Toledano Jose"]
[Result "1-0"]
[WhiteElo "2222"]
[BlackElo "2002"]

1.d4 Nf6 2.c4 e6 3.g3 d5 4.Bg2 Be7 5.Nf3 c6 6.Qc2 O-O 7.O-O Nbd7 8.Nbd2 b6
9.e4 dxe4 10.Nxe4 Bb7 11.Bf4 Nxe4 12.Qxe4 Nf6 13.Qe2 Bd6 14.Ne5 Rc8 15.Rad1
Qe7 16.a3 a5 17.Rfe1 Rfd8 18.Rd3 Nd7 19.Rb3 a4 20.Rc3 Nb8 21.Be4 Qe8 22.Qc2 g6
23.Qxa4 Be7 24.Qa7 {#r} 1-0

[Event "Ch Croatia (team) (3rd league)"]
[Site "masterchessopen.com Croatia"]
[Date "2005.05.22"]
[Round "6"]
[White "Pavlinic Darko (CRO)"]
[Black "Okrosa Marijan (CRO)"]
[Result "1-0"]
[WhiteElo "2047"]
[BlackElo "2010"]

1.Nf3 e6 2.g3 d5 3.Bg2 Nf6 4.d4 Nbd7 5.O-O Be7 6.c4 c6 7.Qc2 O-O 8.Nbd2 b6
9.b3 Bb7 10.Bb2 Rc8 11.e4 dxe4 12.Nxe4 Nxe4 13.Qxe4 Nf6 14.Qe2 c5 15.Rfd1 Qc7
16.dxc5 Bxc5 17.Ne5 Bxg2 18.Kxg2 Rfd8 19.Qf3 Ne8 20.a4 f6 21.Nd3 e5 22.Nxc5
Qxc5 23.Ba3 Qc7 24.Rd5 Nd6 25.Rad1 Nf7 26.h4 Rxd5 27.Rxd5 Re8 28.Qd3 Qc6
29.Kh2 e4 30.Qd1 Qe6 {#r} 1-0

[Event "It (open)"]
[Site "masterchessopen.com Tibor (Czech Republic)"]
[Date "2005.08.05"]
[Round "8"]
[White "Snorek Milan (CZE)"]
[Black "Jina Lubos (CZE)"]
[Result "1-0"]
[WhiteElo "2158"]
[BlackElo "2000"]

1.d4 Nf6 2.Nf3 e6 3.c4 d5 4.g3 c6 5.Bg2 Be7 6.O-O O-O 7.Qc2 Nbd7 8.Nbd2 b6
9.Rd1 Bb7 10.e4 dxe4 11.Nxe4 Qc8 12.Nxf6+ Nxf6 13.c5 b5 14.Bg5 h6 15.Bxf6 Bxf6
16.Ne5 Qc7 17.f4 Rfd8 18.Qe4 Bxe5 19.dxe5 Rxd1+ 20.Rxd1 Rd8 21.Rd6 Rxd6
22.exd6 Qd7 23.h4 f5 24.Qe1 h5 25.Qa5 Bc8 26.a4 bxa4 27.Qxa4 g6 28.Bxc6 {#r}
1-0

[Event "It (open)"]
[Site "masterchessopen.com Pic d'Anie (France)"]
[Date "2005.08.08"]
[Round "1"]
[White "Housieaux David (FRA)"]
[Black "Boukhris Khaled (FRA)"]
[Result "1-0"]
[WhiteElo "2305"]
[BlackElo "1766"]

1.d4 Nf6 2.c4 e6 3.g3 d5 4.Bg2 Be7 5.Nf3 Nbd7 6.O-O O-O 7.Qc2 c6 8.Nbd2 b6
9.e4 Bb7 10.e5 Ne8 11.Re1 c5 12.dxc5 Nxc5 13.b4 Nd7 14.Qb3 a5 15.bxa5 Nc5
16.Qxb6 Rxa5 17.Qxd8 Bxd8 18.Bf1 Bb6 19.Rb1 Ba7 20.a3 Bc6 21.Nd4 Ba4 22.Bb2
Nc7 23.Bc3 Ra6 24.Bb4 Rb8 25.cxd5 exd5 26.Bxc5 Rxb1 27.Rxb1 Bxc5 {#r} 1-0

[Event "Ch Russia (students)"]
[Site "masterchessopen.com Nizhnij Tagil (Russia)"]
[Date "2005.10.09"]
[Round "6"]
[White "Shaklein Alexander (RUS)"]
[Black "Zorin Alexander (RUS)"]
[Result "1-0"]
[WhiteElo "2261"]
[BlackElo "2157"]

1.d4 d5 2.c4 e6 3.Nf3 Nf6 4.g3 Be7 5.Bg2 O-O 6.O-O Nbd7 7.Qc2 c6 8.Nbd2 Re8
9.e4 dxe4 10.Nxe4 a5 11.Rd1 Qb6 12.Nc3 Qc7 13.Qe2 a4 14.Bf4 Qa5 15.Bd2 Qa6
16.Rac1 h6 17.Rc2 Bd6 18.Ne5 Bc7 19.Bf4 Qa5 20.Rcd2 a3 21.Nxd7 Bxd7 22.b4 Qb6
23.Bxc7 Qxc7 24.Qe5 Qb6 25.Qc5 Qa6 26.Bf1 b6 27.Qe5 Qa7 28.h3 Rac8 29.Ne4 Nxe4
30.Qxe4 Qa4 31.Qb1 {#r} 1-0

[Event "Ch Russia (juniors) (under 12)"]
[Site "masterchessopen.com Dagomys (Russia)"]
[Round "7"]
[White "Kezin Roman (RUS)"]
[Black "Mokshanov Alexey (RUS)"]
[Result "1-0"]
[WhiteElo "2131"]
[BlackElo "1995"]

1.d4 d5 2.c4 e6 3.Nf3 Nf6 4.g3 Be7 5.Bg2 O-O 6.O-O c6 7.Nbd2 Nbd7 8.Qc2 c5
9.b3 cxd4 10.Nxd4 e5 11.Nf5 d4 12.Nxe7+ Qxe7 13.Ne4 Nxe4 14.Bxe4 h6 15.e3 Nc5
16.exd4 exd4 17.Bg2 Bg4 18.Bb2 Be2 19.Rfe1 d3 20.Qc3 f6 21.Ba3 Rac8 22.Bd5+
Kh8 23.Qxd3 Nxd3 24.Bxe7 Nxe1 25.Bxf8 Nf3+ 26.Kg2 Rxf8 27.Bxf3 Bxf3+ 28.Kxf3
Rd8 29.Ke2 Kg8 30.Rd1 Re8+ {#r} 1-0

[Event "Ch Romania (juniors) (under 16)"]
[Site "masterchessopen.com Predeal (Romania)"]
[Date "2006.04.17"]
[Round "6"]
[White "Sfarlog Tudor-Vlad (ROM)"]
[Black "Turcu Iulian (ROM)"]
[Result "1-0"]
[WhiteElo "2059"]
[BlackElo "2039"]

1.Nf3 Nf6 2.g3 d5 3.c4 e6 4.Bg2 c6 5.Qc2 Nbd7 6.O-O Be7 7.d4 O-O 8.Nbd2 a5
9.e4 dxe4 10.Nxe4 Nxe4 11.Qxe4 Nf6 12.Qe2 Bd7 13.Ne5 Rc8 14.b3 b5 15.Bb2 Re8
16.Rfd1 Qb6 17.g4 h6 18.h4 Red8 19.g5 hxg5 20.hxg5 Nh7 21.g6 Ng5 22.f4 f6
23.Nxd7 Rxd7 24.fxg5 e5 25.Qh5 Bb4 26.Bh3 exd4 27.Qh7+ Kf8 28.Qh8+ Ke7
29.Qxg7+ Kd6 30.Qxd7+ Ke5 31.Re1+ Bxe1 32.Rxe1+ Kf4 33.Qg4# 1-0

[Event "It (open) \"]
[Site "masterchessopen.com Burbank (USA)"]
[Date "2006.05.20"]
[Round "2"]
[White "Hough Randall D (USA)"]
[Black "Banawa Joel Cholo (USA)"]
[Result "0-1"]
[WhiteElo "2053"]
[BlackElo "2282"]

1.d4 d5 2.c4 e6 3.Nf3 c6 4.Nbd2 Nf6 5.g3 Be7 6.Bg2 Nbd7 7.O-O O-O 8.Qc2 c5
9.Rd1 b6 10.e4 Bb7 11.exd5 exd5 12.dxc5 Nxc5 13.Nf1 Qc8 14.Ne3 dxc4 15.Nf5 Re8
16.Nxe7+ Rxe7 17.Qxc4 Qf5 18.Nh4 Qh5 19.Be3 Bxg2 20.Kxg2 Nce4 21.Rd4 Rae8
22.Rad1 h6 23.h3 Nxg3 24.Kxg3 Ne4+ 25.Kg2 Qxh4 26.Rd8 Qh5 27.Rxe8+ Rxe8 28.Rd4
Qf5 29.Qd3 Re6 30.Rd8+ Kh7 31.Qd1 Rg6+ 32.Kh2 Qe5+ 33.Kh1 Nxf2+ {#R} 0-1

[Event "It (open)"]
[Site "masterchessopen.com Triesen (Liechtenstein)"]
[Date "2006.05.20"]
[Round "2"]
[White "Pribyl Josef (CZE)"]
[Black "Kranz Armin (AUT)"]
[Result "1-0"]
[WhiteElo "2400"]
[BlackElo "2163"]

1.d4 Nf6 2.g3 e6 3.Bg2 d5 4.Nf3 Be7 5.c4 O-O 6.O-O Nbd7 7.Qc2 c6 8.Nbd2 b6
9.e4 Ba6 10.e5 Ne8 11.b3 c5 12.dxc5 bxc5 13.Re1 Nc7 14.h4 Re8 15.Nf1 h6 16.Bd2
Bb7 17.Ba5 d4 18.Ng5 hxg5 19.Bxb7 Rb8 20.Bc6 gxh4 21.Qe4 hxg3 22.Nxg3 g6
23.Kg2 Kg7 24.Rh1 Rh8 25.Rxh8 Kxh8 26.Qf4 Kg8 27.Ne4 Nb6 28.Rh1 {#r} 1-0

[Event "It (open) \"]
[Site "masterchessopen.com Tromsoe (Norway)"]
[Date "2006.06.28"]
[Round "5"]
[White "Esbensen Arnt (NOR)"]
[Black "Lahlum Ida (NOR)"]
[Result "1-0"]
[WhiteElo "2233"]
[BlackElo "1841"]

1.d4 d5 2.c4 e6 3.Nf3 Nf6 4.g3 c6 5.Qc2 Nbd7 6.Bg2 Be7 7.O-O O-O 8.Nbd2 Re8
9.e4 dxe4 10.Nxe4 c5 11.Rd1 Nxe4 12.Qxe4 cxd4 13.Nxd4 Nc5 14.Qc2 Qb6 15.Be3
Rd8 16.Nb5 a6 17.b4 axb5 18.Bxc5 Qc7 19.cxb5 Bd7 20.a4 Rac8 21.Qe4 Bxc5
22.bxc5 Qxc5 23.Qxb7 Rc7 24.Qe4 Rdc8 25.Qe3 Qc2 26.Bb7 Rb8 27.Rd2 Qc4 28.Be4
Rcc8 29.Rxd7 {#r} 1-0